000 01327cam a2200289 i 4500
003 SA-RiAUC
005 20250404135915.0
008 250404s1948 ua g 00000 ara c
040 _aSA-RiAUC
_bara
_cSA-RiAUC
_erda
082 0 4 _a953
090 _aن 953
_b م س ع
100 1 _aالمسعودي، علي بن الحسين بن علي،
_dتوفي 346 هجري
_eمؤلف.
245 1 0 _aمروج الذهب ومعادن الجوهر /
_cتأليف علي بن الحسين المسعودي ؛ تحقيق محمد محيي الدين عبد الحميد.
250 _aالطبعة الثانية، مزيدة ومنقحة.
264 1 _aالقاهرة :
_aبيروت :
_bالمكتبة التجارية الكبرى ؛
_bدار المعرفة،
_c1948
264 3 _a[مكان الطبع غير محدد] :
_bمطبعة السعادة
300 _a4 مجلد ؛
_c24 سم
336 _aنص
_btxt
_2rdacontent
_3كتاب
337 _aبدون وسيط
_bn
_2rdamedia
338 _aمجلد
_bnc
_2rdacarrier
650 7 _aالتاريخ الإسلامي
_2aucsh
650 7 _aالحضارة
_2aucsh
651 7 _aالعالم
_xتاريخ
_2aucsh
700 1 _aعبد الحميد، محمد محيي الدين،
_d1318-1393 هجري
_eمحقق.
942 _2ddc
_cRARE BOOK
_n0
949 _aSA-JeALM
_d250404
_ueid123
_n1
999 _c6698
_d6698